The houses of Roman Italy, 100 B.C.-A.D. 250 : ritual, space, and decoration
Saved in:
| Main Author: | |
|---|---|
| Format: | Book |
| Language: | English |
| Published: |
Berkeley :
University of California Press,
c1991
|
| Subjects: | |
| Tags: |
Add Tag
No Tags, Be the first to tag this record!
|
MARC
| LEADER | 00000cam a2200000 i 4500 | ||
|---|---|---|---|
| 001 | 1/11057 | ||
| 008 | 101129s1991 eng d | ||
| 020 | |a 978-0-520-08429-2 | ||
| 035 | |l 10109266 | ||
| 040 | |a GR-MY-UA |b gre |e aacr | ||
| 041 | 0 | |a eng | |
| 082 | 0 | |a 728.0937 |2 (22) | |
| 100 | 1 | |a Clarke, John R., |d 1945- | |
| 245 | 1 | 4 | |a The houses of Roman Italy, 100 B.C.-A.D. 250 : |b ritual, space, and decoration / |c John R. Clarke |
| 260 | |a Berkeley : |b University of California Press, |c c1991 | ||
| 300 | |a xxvii, 411 σ.; |b εικ.; χάρτες; |c 27 εκ. | ||
| 504 | |a Περιέχει βιβλιογραφία (σ. 379-396) και ευρετήρια | ||
| 650 | 0 | 0 | |a Architecture, Roman |z Italy. |
| 650 | 0 | 0 | |a Architecture, Domestic |z Italy. |
| 650 | 0 | 0 | |a Mural painting and decoration, Roman |z Italy. |
| 650 | 0 | 0 | |a Mural painting and decoration |z Italy. |
| 650 | 0 | 0 | |a Mosaics, Roman |z Italy. |
| 650 | 0 | 0 | |a Mosaics |z Italy. |
| 852 | |a INST |b LESVOS |e 20101129 |h 728.0937 CLA |p 005100049553 |q 005100049553 |t BK |y 0 | ||
| 901 | |a BIBL1-2010-3 | ||
| 909 | |a Λ |b 164999 | ||
| 970 | |a ΤΖΑΦΕΡΗ |b ΕΥΑΓΓΕΛΙΑ |z 2010/11/29 | ||